| 000 | 00559nam a2200169 i 4500 | ||
|---|---|---|---|
| 001 | 38991 | ||
| 003 | ES-MaACL | ||
| 005 | 20251115063231.0 | ||
| 007 | t| | ||
| 008 | 030226s1888 sp ||||1| spa d | ||
| 100 | 1 |
_aCalvo y Martín, José, _d1815-1904 _933925 |
|
| 245 | 1 | 3 |
_aEl determinismo en las ciencias _b: discurso leído en la Universidad Central en la inaguración del curso 1888-89 / _cJosé Calvo y Martín. |
| 260 |
_aMadrid : _b[s.n.], _c1888. |
||
| 300 |
_a52 p. ; _c26 cm. |
||
| 852 |
_aES-MaACL _jT-521-F-2 |
||
| 999 |
_c38991 _d38991 |
||